| 000 | 00443nam a2200157Ia 4500 | ||
|---|---|---|---|
| 005 | 20250701021744.0 | ||
| 008 | 240331s9999 xx 000 0 und d | ||
| 020 | _a9556020349 | ||
| 082 |
_a1033 _bSUN |
||
| 100 | _aAriyarathne,S | ||
| 245 | 0 | _aManawasinghe geetha nibanda | |
| 260 |
_aColombo _bThe National Book Development Council Of Sri Lanka _c1991 |
||
| 300 | _a220 p ., | ||
| 500 | _aLyrics of Sri Chandraratna Manawasingha | ||
| 942 | _cL | ||
| 999 |
_c4829 _d4829 |
||